000 00576nam a22001817a 4500
999 _c186215
_d186215
005 20220217102321.0
010 _aENG-131646
020 _a97881948784077
_c640.00
035 _aEN-115178
037 _bDBAD
082 _a005.13
100 _aRamesh, R.
245 _aProblem Solving and Programming using 'C'/
_cR. Ramesh
260 _aHyderabad
_bSpectrum Publishing House
_c2021
270 _a# 326/C, III Floor, Surneni Nilayam Near B K Guda Park, S R Nagar
_bHyderabad
_e500038
300 _aviii, 584p.
_c24cm(pbk)
942 _2ddc
_cEN
_h005.13
_mRAM